000 00268nam a2200121Ia 4500
100 _aKhurmi/R.S/ Gupta /J.K
942 _cBK
654 _aTheory
245 _aTheory Of Machine
260 _bEurasia pub. house
_aNew Delhi
_c1985
300 _a1107
546 _aENGLISH
999 _c26679
_d26679